000 00668nam a2200253Ia 4500
005 20260306145456.0
008 008 260114s9999 xx 000 0 eng d
020 _a9781474443784
037 _aEbook
040 _aCRL
040 _beng
040 _cCRL
041 _2eng
041 _aeng
084 _qCRL
100 _aRey, Virginie
_91123833
245 4 _aThe art of minorities : cultural representation in museums of the Middle East and North Africa
260 _bEdinburgh University Press (EUP)
260 _c2020
650 _aArts
856 _uhttps://www.degruyter.com/isbn/9781474443784
942 _cEBOOK
999 _c1688669
_d1688669